[Event "Pardubice Czech op-J 30th"]
[Site "Pardubice"]
[Date "2019.07.15"]
[Round "5"]
[White "Ziabari, Morteza"]
[Black "Mikulenka, Tomas"]
[Result "1/2-1/2"]
[WhiteElo "1894"]
[BlackElo "1626"]
[PlyCount "110"]
[EventDate "2019.07.12"]
[EventType "swiss"]
[EventRounds "7"]
[EventCountry "CZE"]
[SourceTitle "CBM 192 Extra"]
[Source "Chessbase"]
[SourceDate "2019.11.06"]
[SourceVersion "1"]
[SourceVersionDate "2019.11.06"]
[SourceQuality "1"]

1. e4 e6 2. d4 d5 3. e5 c5 4. c3 Nc6 5. Nf3 Bd7 6. Bd3 Rc8 7. 0-0 Qb6 8. Qb3 Nge7 9. Qxb6 axb6 10. Na3 Ng6 11. b3 Be7 12. Bb2 cxd4 13. cxd4 Nb4 14. Bb5 Bxb5 15. Nxb5 Kd7 16. a4 Nf4 17. g3 Nfd3 18. Bc3 Na6 19. Rfd1 Ndb4 20. h4 h6 21. Ne1 Nc7 22. Na3 g5 23. h5 g4 24. Nd3 Nxd3 25. Rxd3 Bxa3 26. Rxa3 b5 27. a5 Na6 28. b4 Rc4 29. Rb3 Nb8 30. Ra3 Kc7 31. f3 Nc6 32. Rb3 f5 33. exf6 Rf8 34. fxg4 Rxf6 35. Kg2 Kd7 36. Kh3 Rf1 37. Rb2 Ke8 38. Ra2 Nxb4 39. Bxb4 Rxb4 40. a6 bxa6 41. Rxa6 Rb2 42. g5 hxg5 43. Rxe6+ Kf7 44. Re5 b4 45. Rxd5 Re2 46. Kg4 Rf6 47. Kxg5 Rb6 48. Rb3 Re8 49. Rd7+ Ke6 50. Rg7 Rb5+ 51. Kg6 Kd5 52. Rd7+ Kc4 53. Rb1 Rg8+ 54. Rg7 Rxg7+ 55. Kxg7 Rxh5 1/2-1/2

[Event "Pardubice Czech op-J 29th"]
[Site "Pardubice"]
[Date "2018.07.18"]
[Round "7"]
[White "Brantjes, Yme"]
[Black "Mikulenka, Tomas"]
[Result "1-0"]
[WhiteElo "2021"]
[BlackElo "1598"]
[PlyCount "61"]
[EventDate "2018.07.13"]
[EventType "swiss"]
[EventRounds "7"]
[EventCountry "CZE"]
[SourceTitle "EXT 2019"]
[Source "ChessBase"]
[SourceDate "2018.10.10"]
[SourceVersion "1"]
[SourceVersionDate "2018.10.10"]
[SourceQuality "1"]

1. e4 c5 2. Nf3 d6 3. d4 cxd4 4. Nxd4 Nf6 5. Nc3 a6 6. Be3 e6 7. g4 Be7 8. Bg2 0-0 9. Qe2 Qc7 10. 0-0-0 Bd7 11. f4 Nc6 12. f5 e5 13. Nb3 Nb4 14. g5 Bb5 15. Qf3 Rfc8 16. Kb1 Nxe4 17. Qxe4 d5 18. Nxd5 Nxd5 19. Rxd5 Bc6 20. Qd3 Bxd5 21. Bxd5 Kh8 22. Qe4 Rab8 23. Rg1 Bf8 24. g6 fxg6 25. fxg6 h6 26. Nd2 b5 27. Nf3 Re8 28. Ng5 Re7 29. Nf7+ Rxf7 30. gxf7 Qd6 31. Rg6 1-0

[Event "Pardubice Czech op-D 28th"]
[Site "Pardubice"]
[Date "2017.07.28"]
[Round "8"]
[White "Riakhovskii, Mark"]
[Black "Mikulenka, Tomas"]
[Result "1-0"]
[WhiteElo "1449"]
[BlackElo "1615"]
[PlyCount "95"]
[EventDate "2017.07.22"]
[EventType "swiss"]
[EventRounds "9"]
[EventCountry "CZE"]
[SourceTitle "CBM 179 Extra"]
[Source "ChessBase"]
[SourceDate "2017.08.23"]
[SourceVersion "1"]
[SourceVersionDate "2017.08.23"]
[SourceQuality "1"]

1. f4 g6 2. Nf3 Bg7 3. e3 c5 4. c3 Nh6 5. d4 Qc7 6. Bd3 e6 7. 0-0 0-0 8. b3 d6 9. Bb2 Bd7 10. Nbd2 Re8 11. c4 Nc6 12. Qc1 Nf5 13. Bxf5 exf5 14. Re1 Re7 15. dxc5 Bxb2 16. Qxb2 dxc5 17. Qf6 Rae8 18. Nf1 Re6 19. Qg5 Kg7 20. Re2 f6 21. Qg3 Nd4 22. Rd2 Nxf3+ 23. Qxf3 Bc6 24. Qg3 Re4 25. Rad1 b5 26. cxb5 Bxb5 27. Rd5 Kf8 28. Qh4 R4e6 29. Rc1 Bxf1 30. Rdxc5 Qg7 31. Kxf1 Rxe3 32. Qf2 Kg8 33. Qd2 Kh8 34. Rc6 g5 35. Rc7 R3e7 36. Rxe7 Qxe7 37. fxg5 fxg5 38. Qd4+ Qg7 39. Qxg7+ Kxg7 40. Rc7+ Kg6 41. Rxa7 f4 42. Kf2 h5 43. b4 g4 44. Ra6+ Kg5 45. Ra5+ Kh4 46. g3+ fxg3+ 47. hxg3+ Kh3 48. Rxh5# 1-0

[Event "Pardubice Czech op-D 28th"]
[Site "Pardubice"]
[Date "2017.07.25"]
[Round "5"]
[White "Mikulenka, Tomas"]
[Black "Gryga, Daryna"]
[Result "0-1"]
[WhiteElo "1615"]
[BlackElo "1445"]
[PlyCount "100"]
[EventDate "2017.07.22"]
[EventType "swiss"]
[EventRounds "9"]
[EventCountry "CZE"]
[SourceTitle "CBM 179 Extra"]
[Source "ChessBase"]
[SourceDate "2017.08.23"]
[SourceVersion "1"]
[SourceVersionDate "2017.08.23"]
[SourceQuality "1"]

1. d4 Nf6 2. c4 e6 3. Nf3 b6 4. g3 Bb7 5. Bg2 Be7 6. 0-0 0-0 7. Nc3 d5 8. Ne5 Nbd7 9. Bf4 c6 10. e4 dxe4 11. Nxe4 Nxe5 12. Bxe5 Nxe4 13. Bxe4 Bf6 14. Qc2 h6 15. Rad1 Bxe5 16. dxe5 Qg5 17. f4 Qe7 18. Rd6 c5 19. Rfd1 Bxe4 20. Qxe4 Rad8 21. a3 Qc7 22. R1d2 Qe7 23. Qc6 Rc8 24. Rd7 Rxc6 25. Rxe7 a5 26. Rd6 Rxd6 27. exd6 Rd8 28. d7 Kf8 29. Re8+ Rxe8 30. dxe8Q+ Kxe8 31. Kf2 Kd7 32. Ke3 Kd6 33. g4 f5 34. h3 Ke7 35. Kf3 Kf6 36. h4 g5 37. hxg5+ hxg5 38. fxg5+ Kxg5 39. gxf5 Kxf5 40. Ke3 e5 41. Kf3 e4+ 42. Ke3 Ke5 43. a4 Kf5 44. Ke2 Kf4 45. Kf2 e3+ 46. Ke1 Kf3 47. Kf1 e2+ 48. Ke1 Ke3 49. b4 axb4 50. a5 b3 0-1

[Event "Hradec Kralove op 7th"]
[Site "Hradec Kralove"]
[Date "2016.10.07"]
[Round "8"]
[White "Mikulenka, Tomas"]
[Black "Filzmaier, Bruno"]
[Result "1/2-1/2"]
[WhiteElo "1575"]
[BlackElo "1745"]
[PlyCount "66"]
[EventDate "2016.10.01"]
[EventType "swiss"]
[EventRounds "9"]
[EventCountry "CZE"]
[SourceTitle "EXT 2017"]
[Source "ChessBase"]
[SourceDate "2016.10.25"]
[SourceVersion "1"]
[SourceVersionDate "2016.10.25"]
[SourceQuality "1"]

1. e4 e6 2. d4 d5 3. Nc3 dxe4 4. Nxe4 Nf6 5. Bg5 Be7 6. Bd3 Nxe4 7. Bxe7 Qxe7 8. Bxe4 Qb4+ 9. c3 Qxb2 10. Ne2 c6 11. 0-0 0-0 12. Bc2 Nd7 13. Qd3 Nf6 14. Ng3 g6 15. a4 Qb6 16. a5 Qc7 17. Qf3 Kg7 18. Rfe1 Bd7 19. a6 b6 20. Ne4 Nxe4 21. Bxe4 Rab8 22. c4 f5 23. Bc2 c5 24. d5 e5 25. Qc3 Rbe8 26. f4 Kf6 27. Rad1 Qd6 28. Rd2 Re7 29. h3 Rfe8 30. Rde2 h6 31. g4 g5 32. fxe5+ Rxe5 33. gxf5 b5 1/2-1/2

[Event "Pardubice Czech op-J 27th"]
[Site "Pardubice"]
[Date "2016.07.15"]
[Round "1"]
[White "Radovanovic, Jovica"]
[Black "Mikulenka, Tomas"]
[Result "1-0"]
[WhiteElo "2339"]
[BlackElo "1557"]
[PlyCount "69"]
[EventDate "2016.07.15"]
[EventType "swiss"]
[EventRounds "7"]
[EventCountry "CZE"]
[SourceTitle "EXT 2017"]
[Source "ChessBase"]
[SourceDate "2016.10.25"]
[SourceVersion "1"]
[SourceVersionDate "2016.10.25"]
[SourceQuality "1"]

1. d4 d5 2. Nf3 Nf6 3. c4 c6 4. Nc3 e6 5. Bg5 Nbd7 6. e3 Qa5 7. Nd2 Bd6 8. Be2 0-0 9. Bh4 Re8 10. 0-0 Qc7 11. Bg3 Bxg3 12. hxg3 a6 13. Rc1 Qd8 14. a3 Nf8 15. b4 b5 16. cxb5 cxb5 17. a4 bxa4 18. Nxa4 Rb8 19. Qb3 N6d7 20. Rfd1 Qe7 21. Nc5 Rb6 22. Nf3 Ng6 23. Qa3 Qd6 24. Rd2 Nb8 25. Bd1 Bd7 26. Nxd7 Nxd7 27. Ba4 Reb8 28. Bxd7 Qxd7 29. Rdc2 Qb5 30. Ne5 Re8 31. Nd3 Qd7 32. Rc7 Qd6 33. Qa4 Re7 34. Rc8+ Nf8 35. Rxf8+ 1-0